000 00760nam a22001937a 4500
999 _c58856
_d58856
003 Ge_BSU
005 20221010161927.0
008 221010s1996 ge ||||| |||| 00| 0 geo d
020 _a5511007161
041 _ageo
080 _a316(09)(075.8) კ-65
100 _aკოდუა, ედუარდ
_9985
245 _aსოციოლოგია :
_bნაკვ. 2 /
_cედუარდ კოდუა ; რედ. ვ. კვარაცხელია.
264 _aთბილისი :
_bთბილ. უნ-ტის გამ-ბა,
_c1996.
300 _a256 გვ. ;
_b20 სმ.
653 _aსოციოლოგია
700 _aკვარაცხელია, ვ.
_eრედაქტორი
_915201
942 _2udc
_cBK